000 00647nam a2200229Ia 4500
003 OSt
005 20220926001059.0
006 a|||||r|||| 00| 0
007 ta
008 220923b |||||||| |||| 00| 0 eng d
037 _cGeneral Book
040 _aRTL
_cRTL
_beng
041 _2eng
_aeng
082 _aX79F.2.N7, M1
100 _aDiwan Paras
245 0 _aUnion state fiscal relations
_b An overview
260 _a New Delhi
_bLight & Life India
_c1981
300 _ax,290p. Appendix p. 271-84
_ccm.
650 _aFederal Finance
942 _hX79F.2.N7, M1
_cGB
_2CC
999 _c600380
_d600380